Normal view MARC view
  • Pākistān Panjābī Adabī Borḍ.

Entry Corporate Name

Number of records used in: 4

001 - CONTROL NUMBER

  • control field: 3894

003 - CONTROL NUMBER IDENTIFIER

  • control field: NUST

005 - DATE AND TIME OF LATEST TRANSACTION

  • control field: 20170810142056.0

008 - FIXED-LENGTH DATA ELEMENTS

  • fixed length control field: 170810|| aca||aabn | a|a d

040 ## - CATALOGING SOURCE

  • Original cataloging agency: NUST
  • Transcribing agency: NUST

110 ## - HEADING--CORPORATE NAME

  • Corporate name or jurisdiction name as entry element: Pākistān Panjābī Adabī Borḍ.

670 ## - SOURCE DATA FOUND

  • Source citation: Work cat.: (NUST)0: G̲h̲ulām Farīd, K̲h̲vājah, 1845?-1901. 3891, Ākhyā K̲h̲vājah Farīd ne /, 2008.
© 2023 Central Library, National University of Sciences and Technology. All Rights Reserved.